Statistics for Who Directed That Movie #1

Click here to take the quiz!

General Stats

  • This quiz has been taken 15,295 times
  • The average score is 12 of 22

Answer Stats

Movies Director % Correct
Jaws; E.T.Steven Spielberg
98%
Pulp Fiction; Django UnchainedQuentin Tarantino
93%
The Hobbit; King KongPeter Jackson
80%
Psycho; VertigoAlfred Hitchcock
78%
The Passion of the Christ;
Apocalypto
Mel Gibson
76%
Argo; The TownBen Affleck
68%
A Clockwork Orange; SpartacusStanley Kubrick
67%
The Godfather; DraculaFrancis Ford Coppola
65%
Transformers; The RockMichael Bay
60%
Alien; GladiatorRidley Scott
58%
Crouching Tiger, Hidden Dragon;
Brokeback Mountain
Ang Lee
55%
JFK; PlatoonOliver Stone
52%
Rushmore; The Royal TenenbaumsWes Anderson
43%
Blue Velvet; Mulholland Dr.David Lynch
43%
A Nightmare on Elm Street;
Scream
Wes Craven
42%
Zoolander; Reality BitesBen Stiller
42%
The Ides of March, LeatherheadsGeorge Clooney
39%
Knocked Up;
The 40 Year Old Virgin
Judd Apatow
37%
American Beauty; SkyfallSam Mendes
36%
The Avengers; SerenityJoss Whedon
32%
Traffic; Ocean's 11Steven Soderbergh
30%
Almost Famous; Jerry MaguireCameron Crowe
28%

Score Distribution

Percentile by Number Answered

Percent of People with Each Score

Your Score History

You have not taken this quiz